[Event "Maastricht Limburg op 15th"]
[Site "Maastricht"]
[Date "2023.05.29"]
[Round "7"]
[White "Jonkman, Harmen"]
[Black "Gurevich, Mikhail"]
[Result "1/2-1/2"]
[WhiteElo "2323"]
[BlackElo "2559"]
[PlyCount "48"]
[EventDate "2023.05.26"]
[EventType "swiss"]
[EventRounds "7"]
[EventCountry "NED"]
[SourceTitle "CBM 214 Extra"]
[Source "ChessBase"]
[SourceDate "2023.07.31"]
[SourceVersion "1"]
[SourceVersionDate "2023.07.31"]
[SourceQuality "1"]

1. d4 d5 2. Nf3 c6 3. Bf4 Nf6 4. e3 Bf5 5. Be2 e6 6. 0-0 Nbd7 7. c4 Be7 8. h3 h6 9. Nc3 0-0 10. c5 Ne4 11. Nxe4 Bxe4 12. b4 a6 13. a4 Re8 14. b5 a5 15. Ne5 Nxe5 16. Bxe5 Bf6 17. f4 Be7 18. b6 Qd7 19. Bd3 Bxd3 20. Qxd3 f6 21. Bc7 Bd8 22. Bd6 Be7 23. Bc7 Bd8 24. Bd6 Be7 1/2-1/2

[Event "Maastricht Limburg op 15th"]
[Site "Maastricht"]
[Date "2023.05.27"]
[Round "2"]
[White "Baselmans, Luuk"]
[Black "Gurevich, Mikhail"]
[Result "0-1"]
[WhiteElo "2340"]
[BlackElo "2559"]
[PlyCount "90"]
[EventDate "2023.05.26"]
[EventType "swiss"]
[EventRounds "7"]
[EventCountry "NED"]
[SourceTitle "CBM 214 Extra"]
[Source "ChessBase"]
[SourceDate "2023.07.31"]
[SourceVersion "1"]
[SourceVersionDate "2023.07.31"]
[SourceQuality "1"]

1. e4 d6 2. d4 g6 3. Nc3 Bg7 4. f4 Nf6 5. Nf3 c5 6. Bb5+ Bd7 7. e5 Ng4 8. e6 Bxb5 9. exf7+ Kd7 10. Nxb5 Qa5+ 11. Nc3 cxd4 12. Nxd4 h5 13. h3 Nc6 14. hxg4 Bxd4 15. Bd2 hxg4 16. Qxg4+ Qf5 17. Qxf5+ gxf5 18. 0-0-0 Ke6 19. Rhe1+ Kxf7 20. Nd5 Rh2 21. c3 Bb6 22. Re2 Rg8 23. Nxb6 axb6 24. Rg1 b5 25. Kd1 e6 26. Kc2 Ke7 27. b3 Kd7 28. Be3 Rg3 29. a4 bxa4 30. bxa4 Na5 31. Bd2 Nc4 32. Be1 Rg8 33. Kb3 d5 34. Ra2 Nd6 35. a5 Ne4 36. c4 d4 37. Bb4 Rg3+ 38. Ka4 Kc6 39. Rd1 Nc5+ 40. Bxc5 Kxc5 41. Rb2 Rhxg2 42. Rb5+ Kxc4 43. Rc1+ Rc3 44. Rb4+ Kd5 45. Rd1 Rc4 0-1

[Event "Maastricht Limburg op 14th"]
[Site "Maastricht"]
[Date "2022.06.04"]
[Round "3"]
[White "Gurevich, Mikhail"]
[Black "Zwirs, Nico"]
[Result "1-0"]
[WhiteElo "2576"]
[BlackElo "2475"]
[PlyCount "57"]
[EventDate "2022.06.03"]
[EventType "swiss"]
[EventRounds "7"]
[EventCountry "NED"]
[SourceTitle "CBM 208 Extra"]
[Source "ChessBase"]
[SourceDate "2022.07.31"]
[SourceVersion "1"]
[SourceVersionDate "2022.07.31"]
[SourceQuality "1"]

1. c4 e6 2. Nf3 d5 3. d4 Nf6 4. Nc3 c6 5. e3 Nbd7 6. Qc2 Bd6 7. b3 0-0 8. Be2 b6 9. cxd5 exd5 10. 0-0 Re8 11. Bb2 Bb7 12. Rac1 Qe7 13. Rfd1 Rad8 14. Bf1 g6 15. g3 Nh5 16. Bg2 f5 17. Ne2 Nhf6 18. Nf4 Ne4 19. Nd3 c5 20. Nfe5 Nxe5 21. Nxe5 cxd4 22. exd4 Rc8 23. Qe2 Kg7 24. Qe3 Ba6 25. Rxc8 Rxc8 26. Rc1 Qe8 27. f3 Nf6 28. Bf1 Bxf1 29. Kxf1 1-0

[Event "BEL-chT 2122"]
[Site "Belgium"]
[Date "2022.02.13"]
[Round "7.3"]
[White "Berelowitsch, Alexander"]
[Black "Gurevich, Mikhail"]
[Result "1/2-1/2"]
[WhiteElo "2504"]
[BlackElo "2576"]
[PlyCount "87"]
[EventDate "2021.10.24"]
[EventType "team-tourn"]
[EventRounds "11"]
[EventCountry "BEL"]
[SourceTitle "EXT 2023"]
[Source "ChessBase"]
[SourceDate "2022.10.05"]
[SourceVersion "1"]
[SourceVersionDate "2022.10.05"]
[SourceQuality "1"]
[WhiteTeam "KSK Rochade"]
[BlackTeam "Wirtzfeld"]
[WhiteTeamCountry "BEL"]
[BlackTeamCountry "BEL"]

1. e4 e6 2. d4 d5 3. Nd2 c5 4. c3 cxd4 5. cxd4 Nc6 6. Ngf3 dxe4 7. Nxe4 Be7 8. Bd3 Nf6 9. 0-0 0-0 10. Nc3 b6 11. a3 Bb7 12. Re1 Rc8 13. Be3 Nd5 14. Qc2 g6 15. Bh6 Re8 16. Qe2 Bf6 17. Rad1 Nxc3 18. bxc3 Qd5 19. Qe3 e5 20. c4 Qd8 21. d5 Nb8 22. Ng5 Nd7 23. h4 Nc5 24. Bb1 Bg7 25. Bxg7 Kxg7 26. h5 Qf6 27. h6+ Kg8 28. Qg3 Ba6 29. Ba2 Qd6 30. Nf3 f6 31. Nd4 Qf8 32. Nf5 Kh8 33. Ng7 Re7 34. f4 exf4 35. Qc3 Nd7 36. Re6 Rxe6 37. dxe6 Nc5 38. Qd4 Kg8 39. Qxf4 Qe7 40. Rf1 Rf8 41. Rd1 Rd8 42. Rf1 Rf8 43. Rd1 Rd8 44. Rf1 1/2-1/2

[Event "Rilton Winners Cup"]
[Site "Chess.com INT"]
[Date "2020.12.28"]
[Round "1.3"]
[White "Sasikiran, Krishnan"]
[Black "Gurevich, Mikhail"]
[Result "1-0"]
[WhiteElo "2647"]
[BlackElo "2577"]
[PlyCount "73"]
[EventDate "2020.12.27"]
[EventType "k.o. (rapid)"]
[EventRounds "4"]
[EventCountry "SWE"]
[SourceTitle "CBM 200 Extra"]
[Source "ChessBase"]
[SourceDate "2021.03.31"]
[SourceVersion "1"]
[SourceVersionDate "2021.03.31"]
[SourceQuality "1"]

1. e4 e6 2. d4 d5 3. Nc3 Nf6 4. e5 Nfd7 5. f4 c5 6. Nf3 Nc6 7. Be3 a6 8. Ne2 Be7 9. c3 0-0 10. g3 b5 11. dxc5 Nxc5 12. Ned4 Bd7 13. Nxc6 Bxc6 14. Nd4 Bd7 15. Bg2 Rc8 16. 0-0 Qc7 17. Rc1 Qb8 18. Qe2 a5 19. h4 Rfd8 20. Kh2 Ne4 21. h5 Rc4 22. Rc2 Rdc8 23. Rfc1 b4 24. cxb4 Rxc2 25. Rxc2 axb4 26. Qd1 h6 27. Qc1 Rxc2 28. Qxc2 Qb7 29. Bf1 Bc5 30. Qd3 Qa7 31. Qa6 Qxa6 32. Bxa6 Kf8 33. Bd3 Ke8 34. Bxe4 dxe4 35. Nf5 Bf8 36. Nd6+ Bxd6 37. exd6 1-0

[Event "Rilton Winners Cup"]
[Site "Chess.com INT"]
[Date "2020.12.28"]
[Round "1.5"]
[White "Sasikiran, Krishnan"]
[Black "Gurevich, Mikhail"]
[Result "1-0"]
[WhiteElo "2647"]
[BlackElo "2577"]
[PlyCount "193"]
[EventDate "2020.12.27"]
[EventType "k.o. (rapid)"]
[EventRounds "4"]
[EventCountry "SWE"]
[SourceTitle "CBM 200 Extra"]
[Source "ChessBase"]
[SourceDate "2021.03.31"]
[SourceVersion "1"]
[SourceVersionDate "2021.03.31"]
[SourceQuality "1"]

1. e4 e6 2. d4 d5 3. Nc3 Nf6 4. e5 Nfd7 5. f4 c5 6. Nf3 Nc6 7. Be3 cxd4 8. Nxd4 Bc5 9. Qd2 Nxd4 10. Bxd4 Bxd4 11. Qxd4 Qb6 12. Nb5 Qxd4 13. Nxd4 Nc5 14. Bd3 g6 15. Kd2 Bd7 16. Ke3 Ke7 17. b3 h5 18. g3 Rac8 19. a4 a5 20. h3 b6 21. Rh2 Rh6 22. Rah1 Rch8 23. Rg1 Be8 24. Rb1 Bd7 25. Nf3 Rc8 26. Rbh1 Rch8 27. g4 hxg4 28. hxg4 Rxh2 29. Rxh2 Rxh2 30. Nxh2 Nxd3 31. Kxd3 b5 32. axb5 Bxb5+ 33. Kd2 a4 34. bxa4 Bxa4 35. Nf3 Bb5 36. Nd4 Bf1 37. Kc3 Bh3 38. g5 Bf1 39. Kb4 Kd7 40. Kc5 Ba6 41. Kb6 Bc4 42. c3 Bd3 43. Nc6 Bc4 44. Na5 Bd3 45. Nb7 Be2 46. Nc5+ Kd8 47. Kc6 Ke7 48. Kc7 Bb5 49. Nb3 Bc4 50. Nd4 Bd3 51. Nc6+ Ke8 52. Kd6 Bb5 53. Nd4 Bd7 54. Nc2 Ba4 55. Ne3 Bb5 56. Ng4 Ba4 57. Nf6+ Kd8 58. Ng4 Bb5 59. Ne3 Ba4 60. Ng4 Bb5 61. Nh6 Ke8 62. Kc7 Be2 63. Ng8 Bb5 64. Kb6 Be2 65. Kc6 Bd1 66. Nf6+ Ke7 67. Kc7 Be2 68. Nd7 Bb5 69. Nc5 Be2 70. Nb3 Bc4 71. Nd4 Bd3 72. Nc6+ Ke8 73. Kd6 Bb5 74. Nd4 Ba4 75. Kc5 Ke7 76. c4 dxc4 77. Kxc4 Bd1 78. Kc5 Ba4 79. Kb4 Bd1 80. Kb5 Kd7 81. Kc5 Bg4 82. Nb5 Bd1 83. Nd6 Ke7 84. Kc6 Bc2 85. Kc7 Ba4 86. Nc8+ Ke8 87. Kd6 Kd8 88. Ne7 Bb5 89. Ng8 Ba4 90. Nf6 Bb5 91. Ng4 Ba4 92. Nh6 Ke8 93. Ng8 Bb5 94. Kc7 Kf8 95. Nf6 Ke7 96. Ne4 Ba4 97. Nd6 1-0

[Event "Titled Tuesday intern op 24th Nov"]
[Site "Chess.com INT"]
[Date "2020.11.24"]
[Round "1"]
[White "Langner, Ladislav"]
[Black "Gurevich, Mikhail"]
[Result "1-0"]
[WhiteElo "2380"]
[BlackElo "2577"]
[PlyCount "55"]
[EventDate "2020.11.24"]
[EventType "swiss (blitz)"]
[EventRounds "11"]
[EventCountry "USA"]
[SourceTitle "CBM 199 Extra"]
[Source "ChessBase"]
[SourceDate "2021.01.31"]
[SourceVersion "1"]
[SourceVersionDate "2021.01.31"]
[SourceQuality "1"]

1. e4 d6 2. d4 Nf6 3. Nc3 g6 4. g3 Bg7 5. Bg2 0-0 6. Nge2 e5 7. 0-0 c6 8. h3 b5 9. a3 Bb7 10. Be3 Nbd7 11. Qd2 Re8 12. Bh6 a6 13. Bxg7 Kxg7 14. dxe5 dxe5 15. Rad1 Qe7 16. g4 Nc5 17. Ng3 Ne6 18. g5 Ng8 19. h4 Rad8 20. Qe3 Qc5 21. Qf3 h5 22. Nf5+ gxf5 23. exf5 Nf4 24. f6+ Kf8 25. Ne2 Qc4 26. Nxf4 Qxf4 27. Qxh5 Qf5 28. Qh8 1-0

[Event "Francophonie-ch blitz 7th"]
[Site "Paris"]
[Date "2019.08.10"]
[Round "2"]
[White "Gurevich, Mikhail"]
[Black "Huynh, Laurent"]
[Result "1-0"]
[WhiteElo "2581"]
[BlackElo "2111"]
[PlyCount "131"]
[EventDate "2019.08.10"]
[EventType "swiss (blitz)"]
[EventRounds "11"]
[EventCountry "FRA"]
[SourceTitle "CBM 191 Extra"]
[Source "ChessBase"]
[SourceDate "2019.09.30"]
[SourceVersion "1"]
[SourceVersionDate "2019.09.30"]
[SourceQuality "1"]

1. c4 Nf6 2. Nc3 c5 3. g3 Nc6 4. Bg2 e6 5. Nf3 Be7 6. 0-0 0-0 7. d4 d6 8. b3 Bd7 9. dxc5 dxc5 10. Bf4 Qa5 11. Qc2 Nd4 12. Qb2 Bc6 13. Rac1 Nxf3+ 14. Bxf3 Bxf3 15. exf3 Rfd8 16. Rfd1 a6 17. Qc2 Rxd1+ 18. Rxd1 Rd8 19. Be5 Qb6 20. Kg2 Nd7 21. Bf4 Nf6 22. Rd3 Rxd3 23. Qxd3 Qd8 24. Qxd8+ Bxd8 25. Bd6 Ne8 26. Bxc5 Nf6 27. Na4 Nd7 28. Bd6 b6 29. f4 f6 30. Kf3 Kf7 31. Ke4 Ke8 32. Nb2 Nc5+ 33. Bxc5 bxc5 34. Nd3 Be7 35. f5 Kd7 36. g4 Bd6 37. h3 g6 38. f4 gxf5+ 39. gxf5 Bf8 40. fxe6+ Kxe6 41. f5+ Kd6 42. Nf2 Bh6 43. h4 Bc1 44. Ng4 Bb2 45. h5 a5 46. Nh2 Bc1 47. Nf3 Kc6 48. Ne1 Bb2 49. Nd3 Bd4 50. a3 Bg1 51. Nf4 Bd4 52. Ne6 Bb2 53. Nf8 h6 54. Ng6 Bxa3 55. Ne7+ Kd6 56. Ng8 Bc1 57. Nxf6 Bg5 58. Ng4 Bd2 59. Nf2 Bc3 60. Nd3 Bf6 61. Kf4 Bg5+ 62. Ke4 Bf6 63. Nf2 Bd4 64. Ng4 Bg7 65. f6 Bf8 66. Kf5 1-0

[Event "Francophonie-ch blitz 7th"]
[Site "Paris"]
[Date "2019.08.10"]
[Round "9"]
[White "Ider, Borya"]
[Black "Gurevich, Mikhail"]
[Result "0-1"]
[WhiteElo "2503"]
[BlackElo "2581"]
[PlyCount "114"]
[EventDate "2019.08.10"]
[EventType "swiss (blitz)"]
[EventRounds "11"]
[EventCountry "FRA"]
[SourceTitle "CBM 191 Extra"]
[Source "ChessBase"]
[SourceDate "2019.09.30"]
[SourceVersion "1"]
[SourceVersionDate "2019.09.30"]
[SourceQuality "1"]

1. Nf3 d6 2. d4 g6 3. Bf4 Bg7 4. e3 Nd7 5. h3 e5 6. Bh2 exd4 7. exd4 Ne7 8. Bd3 0-0 9. 0-0 Nf6 10. c3 Bf5 11. Re1 Re8 12. Na3 Bxd3 13. Qxd3 Qd7 14. Nc2 Qf5 15. Qxf5 Nxf5 16. Rxe8+ Rxe8 17. Re1 Kf8 18. Kf1 h5 19. Rxe8+ Kxe8 20. Ke2 Ne4 21. Nb4 Bh6 22. g4 hxg4 23. hxg4 Ne7 24. Nd3 Kd7 25. Bf4 Bxf4 26. Nxf4 Nf6 27. Ng5 Ke8 28. Kf3 Ned5 29. Nd3 Ke7 30. c4 Nb6 31. b3 Nbd7 32. Kg3 Nb8 33. d5 a5 34. f4 Na6 35. Kf3 Nb4 36. Nxb4 axb4 37. Ne4 Nxg4 38. Kxg4 f5+ 39. Kf3 fxe4+ 40. Kxe4 Kf6 41. Ke3 Kf5 42. Kf3 c6 43. Ke3 cxd5 44. cxd5 g5 45. fxg5 Kxg5 46. Ke4 Kg4 47. Ke3 Kf5 48. Kd4 b5 49. Ke3 Ke5 50. Kd2 Kxd5 51. Kd3 Ke5 52. Ke3 d5 53. Kd3 d4 54. Kd2 Ke4 55. Ke2 d3+ 56. Kd2 Kd4 57. Kc1 Kc3 0-1

[Event "Francophonie-ch blitz 7th"]
[Site "Paris"]
[Date "2019.08.10"]
[Round "1"]
[White "Le Bas, Alexis"]
[Black "Gurevich, Mikhail"]
[Result "0-1"]
[WhiteElo "1912"]
[BlackElo "2581"]
[PlyCount "66"]
[EventDate "2019.08.10"]
[EventType "swiss (blitz)"]
[EventRounds "11"]
[EventCountry "FRA"]
[SourceTitle "CBM 191 Extra"]
[Source "ChessBase"]
[SourceDate "2019.09.30"]
[SourceVersion "1"]
[SourceVersionDate "2019.09.30"]
[SourceQuality "1"]

1. c4 f5 2. Nc3 Nf6 3. g3 d6 4. Nf3 g6 5. Bg2 Bg7 6. 0-0 0-0 7. e3 e5 8. b3 Nc6 9. Bb2 e4 10. Ne1 d5 11. d4 Be6 12. c5 Rf7 13. Nc2 h5 14. Ne2 g5 15. a3 Ne7 16. f3 Ng6 17. fxe4 fxe4 18. Qd2 Qd7 19. Rf2 h4 20. Raf1 Raf8 21. Bc1 c6 22. b4 h3 23. Bh1 Ng4 24. Rxf7 Rxf7 25. Qe1 Qe8 26. Rxf7 Qxf7 27. Qf1 Qxf1+ 28. Kxf1 Nxh2+ 29. Ke1 Bf8 30. a4 Bg4 31. b5 Bf3 32. Bxf3 exf3 33. Nc3 Ng4 0-1

[Event "Charleroi op"]
[Site "Roux"]
[Date "2019.07.29"]
[Round "4"]
[White "Gurevich, Mikhail"]
[Black "Hoffmeister, Frank"]
[Result "1-0"]
[WhiteElo "2587"]
[BlackElo "2187"]
[PlyCount "95"]
[EventDate "2019.07.27"]
[EventType "swiss"]
[EventRounds "9"]
[EventCountry "BEL"]
[SourceTitle "CBM 191 Extra"]
[Source "ChessBase"]
[SourceDate "2019.09.30"]
[SourceVersion "1"]
[SourceVersionDate "2019.09.30"]
[SourceQuality "1"]

1. c4 c6 2. Nf3 d5 3. e3 Nf6 4. Nc3 e6 5. Qc2 Nbd7 6. b3 Bd6 7. Bb2 a6 8. d4 0-0 9. Be2 b5 10. 0-0 Bb7 11. e4 b4 12. e5 bxc3 13. Bxc3 Be7 14. exf6 Nxf6 15. Rad1 Ne4 16. Bb2 c5 17. dxc5 Bxc5 18. Bd3 Qe7 19. cxd5 exd5 20. Qc1 f5 21. Bd4 Bb4 22. Qa1 Rac8 23. Rc1 Ba3 24. Rxc8 Rxc8 25. Qe1 Qb4 26. Qe3 Re8 27. Ba1 Qc5 28. Nd4 Qf8 29. Qf4 g6 30. f3 Bd6 31. Qh4 Be7 32. Qe1 Bb4 33. Qh4 Be7 34. Qh3 Ng5 35. Qg3 f4 36. Qf2 Bc5 37. Kh1 Re3 38. Qd2 Bb4 39. Qd1 Qe7 40. Nc2 Re6 41. Nxb4 Qxb4 42. Qc1 Qf8 43. Qc3 Nf7 44. Qd4 Re3 45. Rd1 Ne5 46. Bf1 a5 47. Qb6 Qb4 48. Qc7 1-0

[Event "Maastricht Limburg op 13th"]
[Site "Maastricht"]
[Date "2019.06.08"]
[Round "2"]
[White "De Boer, Eelke"]
[Black "Gurevich, Mikhail"]
[Result "0-1"]
[WhiteElo "2316"]
[BlackElo "2579"]
[PlyCount "74"]
[EventDate "2019.06.07"]
[EventType "swiss"]
[EventRounds "7"]
[EventCountry "NED"]
[SourceTitle "CBM 190 Extra"]
[Source "ChessBase"]
[SourceDate "2019.07.15"]
[SourceVersion "1"]
[SourceVersionDate "2019.07.15"]
[SourceQuality "1"]

1. e4 d6 2. d4 g6 3. Nc3 Bg7 4. Be3 a6 5. Qd2 b5 6. f3 Nd7 7. h4 h5 8. Nh3 c5 9. dxc5 Nxc5 10. 0-0-0 Bxh3 11. Rxh3 Rc8 12. Bd4 Nf6 13. Nd5 Ncd7 14. Kb1 0-0 15. Be2 Nxd5 16. Bxg7 Kxg7 17. exd5 Nf6 18. g4 Rc5 19. Qg5 e5 20. f4 Nxg4 21. Qxd8 Rxd8 22. Ra3 Ra8 23. b4 Rcc8 24. Bxg4 hxg4 25. fxe5 dxe5 26. d6 Rc6 27. d7 Rd8 28. Rad3 Kf6 29. Rg1 Ke6 30. Rxg4 Rxd7 31. Re3 Rd1+ 32. Kb2 Rd2 33. Rc3 Rxc3 34. Kxc3 Rf2 35. a4 Rf3+ 36. Kd2 Rf4 37. Rxf4 exf4 0-1

[Event "FRA-chT Top 12"]
[Site "Brest"]
[Date "2019.05.18"]
[Round "1.7"]
[White "Koch, Jean Rene"]
[Black "Gurevich, Mikhail"]
[Result "0-1"]
[WhiteElo "2465"]
[BlackElo "2566"]
[PlyCount "96"]
[EventDate "2019.05.18"]
[EventType "team-tourn"]
[EventRounds "11"]
[EventCountry "FRA"]
[SourceTitle "CBM 190 Extra"]
[Source "ChessBase"]
[SourceDate "2019.07.15"]
[SourceVersion "1"]
[SourceVersionDate "2019.07.15"]
[SourceQuality "1"]
[WhiteTeam "Metz Fischer"]
[BlackTeam "Asnieres"]
[WhiteTeamCountry "FRA"]
[BlackTeamCountry "FRA"]

1. c4 f5 2. g3 Nf6 3. Bg2 d6 4. Nc3 g6 5. d3 Bg7 6. e4 Nc6 7. Nge2 e5 8. 0-0 0-0 9. Nd5 Be6 10. Bg5 Qd7 11. Qd2 Rf7 12. Rac1 Raf8 13. b4 Nh5 14. b5 Nd8 15. f3 c6 16. Ndc3 f4 17. g4 Nf6 18. h3 h5 19. Qe1 hxg4 20. hxg4 Nh7 21. Bh4 g5 22. Bf2 Bxg4 23. Bxa7 Be6 24. Kf2 g4 25. Rh1 Ng5 26. Ng1 Bf6 27. Ke2 Rh7 28. Rxh7 Qxh7 29. Rc2 Qh5 30. Qf1 Ndf7 31. Ke1 Kg7 32. a4 Bd8 33. Kd2 Ba5 34. Kc1 Ra8 35. b6 Rh8 36. Nd1 Kf6 37. fxg4 Bxg4 38. Ne3 Nh6 39. d4 Ke7 40. dxe5 dxe5 41. Nd5+ cxd5 42. cxd5 Qe8 43. Rc7+ Kf6 44. Qc4 Nhf7 45. d6 Rh2 46. Bf1 Rh1 47. d7 Bxd7 48. Qc5 Bd2+ 0-1

[Event "BEL-chT 1819"]
[Site "Belgium"]
[Date "2019.04.07"]
[Round "11.4"]
[White "Braun, Christian1111"]
[Black "Gurevich, Mikhail"]
[Result "1/2-1/2"]
[WhiteElo "2397"]
[BlackElo "2576"]
[PlyCount "90"]
[EventDate "2018.09.30"]
[EventType "team-tourn"]
[EventRounds "11"]
[EventCountry "BEL"]
[SourceTitle "CBM 189 Extra"]
[Source "ChessBase"]
[SourceDate "2019.06.03"]
[SourceVersion "1"]
[SourceVersionDate "2019.06.03"]
[SourceQuality "1"]
[WhiteTeam "Echiquier Mosan"]
[BlackTeam "Wirtzfeld"]
[WhiteTeamCountry "BEL"]
[BlackTeamCountry "BEL"]

1. e4 e6 2. d3 c5 3. Nf3 Nc6 4. g3 Nge7 5. Bg2 g6 6. 0-0 Bg7 7. c3 e5 8. Re1 d6 9. a3 0-0 10. b4 h6 11. Be3 b6 12. b5 Na5 13. c4 f5 14. Nc3 f4 15. Bd2 g5 16. h3 g4 17. hxg4 Bxg4 18. Nd5 Nxd5 19. cxd5 fxg3 20. fxg3 Qe8 21. Bxa5 bxa5 22. Rf1 Qh5 23. Ra2 Rf7 24. Raf2 Raf8 25. Qe2 Bf6 26. Qe1 c4 27. Nh2 cxd3 28. Nxg4 Qxg4 29. Qe3 Bd8 30. Rxf7 Rxf7 31. Qxd3 Bb6+ 32. Kh2 Qh5+ 33. Bh3 a4 34. Rxf7 Kxf7 35. Qc2 Qf3 36. Qc8 Qe2+ 37. Bg2 Qh5+ 38. Bh3 Bc5 39. Qg4 Qxg4 40. Bxg4 Bxa3 41. Bd1 Ke7 42. Bxa4 Kd8 43. Bd1 Kc7 44. Be2 Kb6 45. Kg2 Kc5 1/2-1/2

[Event "BEL-chT 1819"]
[Site "Belgium"]
[Date "2019.02.24"]
[Round "8.3"]
[White "De Vos, Nils"]
[Black "Gurevich, Mikhail"]
[Result "0-1"]
[WhiteElo "2263"]
[BlackElo "2576"]
[PlyCount "206"]
[EventDate "2018.09.30"]
[EventType "team-tourn"]
[EventRounds "11"]
[EventCountry "BEL"]
[SourceTitle "CBM 189 Extra"]
[Source "ChessBase"]
[SourceDate "2019.06.03"]
[SourceVersion "1"]
[SourceVersionDate "2019.06.03"]
[SourceQuality "1"]
[WhiteTeam "Brasschaat"]
[BlackTeam "Wirtzfeld"]
[WhiteTeamCountry "BEL"]
[BlackTeamCountry "BEL"]

1. e4 e6 2. d4 d5 3. exd5 exd5 4. Bd3 Nc6 5. c3 Bd6 6. Qf3 Nge7 7. Ne2 Be6 8. Bf4 Ng6 9. Nd2 Nxf4 10. Nxf4 Qg5 11. Nxe6 fxe6 12. h4 Qf6 13. 0-0-0 0-0 14. Qxf6 gxf6 15. Bc2 h6 16. Nf3 Kf7 17. g3 Rg8 18. Rhe1 Rae8 19. Re2 f5 20. h5 Kf6 21. Rde1 Re7 22. Bd3 Rg4 23. Kd1 f4 24. gxf4 Bxf4 25. Bg6 e5 26. dxe5+ Bxe5 27. Rd2 Rf4 28. Re3 Bd6 29. Nd4 Nxd4 30. Rxd4 Rxf2 31. Rxe7 Kxe7 32. Rd2 Rf1+ 33. Kc2 c6 34. Kb3 Bf4 35. Re2+ Kd6 36. a3 Rf3 37. Kc2 Be3 38. Rg2 Rh3 39. Kb3 Bf4 40. Rf2 Ke5 41. Kc2 c5 42. Kb1 Rh1+ 43. Ka2 d4 44. cxd4+ cxd4 45. Kb3 Rh3+ 46. Kc2 b6 47. Rg2 Kd6 48. Rf2 Bg5 49. Rf7 Rh2+ 50. Kb3 a5 51. Rf1 b5 52. Rd1 Kc5 53. Ka2 a4 54. Rf1 b4 55. axb4+ Kxb4 56. Kb1 Kc4 57. Rd1 Bd2 58. Rg1 a3 59. bxa3 Kb3 60. Rf1 Be3 61. Rd1 Kxa3 62. Rd3+ Kb4 63. Bf7 Rf2 64. Bg6 Kc4 65. Ra3 Rh2 66. Bf7+ Kc5 67. Ra2 Rh3 68. Kc2 Bg5 69. Bg6 Rc3+ 70. Kb2 Kb4 71. Ra8 Rb3+ 72. Ka2 Rf3 73. Rb8+ Kc4 74. Rc8+ Kd5 75. Re8 Rh3 76. Ra8 d3 77. Ra3 Rh2+ 78. Kb3 Kd4 79. Ra4+ Ke3 80. Re4+ Kf3 81. Re1 d2 82. Rg1 Re2 83. Rf1+ Kg2 84. Rd1 Re7 85. Kc2 Rd7 86. Bf5 Rd8 87. Bg4 Rd6 88. Bf5 Kf2 89. Bh3 Rd4 90. Bf5 Ke2 91. Be6 Rd6 92. Bc4+ Kf2 93. Rh1 Rd8 94. Bb3 Kg2 95. Rd1 Bf4 96. Ba4 Kf2 97. Bb3 Rd7 98. Bc4 Ke3 99. Rh1 Rc7 100. Kb3 Kd4 101. Be2 Re7 102. Bf3 Re1 103. Rh4 Re3+ 0-1

[Event "BEL-chT 1819"]
[Site "Belgium"]
[Date "2019.02.03"]
[Round "6.3"]
[White "Becker, Marcel"]
[Black "Gurevich, Mikhail"]
[Result "1/2-1/2"]
[WhiteElo "2306"]
[BlackElo "2576"]
[PlyCount "59"]
[EventDate "2018.09.30"]
[EventType "team-tourn"]
[EventRounds "11"]
[EventCountry "BEL"]
[SourceTitle "CBM 189 Extra"]
[Source "ChessBase"]
[SourceDate "2019.06.03"]
[SourceVersion "1"]
[SourceVersionDate "2019.06.03"]
[SourceQuality "1"]
[WhiteTeam "KSK47 Eynatten"]
[BlackTeam "Wirtzfeld"]
[WhiteTeamCountry "BEL"]
[BlackTeamCountry "BEL"]

1. d4 f5 2. g3 Nf6 3. Bg2 d6 4. Nc3 d5 5. Bg5 e6 6. e3 h6 7. Bxf6 Qxf6 8. Nf3 Nd7 9. Nb5 Bb4+ 10. c3 Ba5 11. Qa4 Bb6 12. c4 0-0 13. c5 c6 14. cxb6 Nxb6 15. Qb3 cxb5 16. Qxb5 Bd7 17. Qb4 Rfc8 18. Ne5 Qf8 19. Qxf8+ Kxf8 20. Kd2 Nc4+ 21. Nxc4 Rxc4 22. Rhc1 Rac8 23. Bf1 Rxc1 24. Rxc1 Rxc1 25. Kxc1 Ke7 26. Kd2 Kd6 27. Kc3 g5 28. h3 Be8 29. Be2 h5 30. h4 1/2-1/2

[Event "BEL-chT 1819"]
[Site "Belgium"]
[Date "2018.11.18"]
[Round "4.4"]
[White "Gurevich, Mikhail"]
[Black "Sarrau, Jelle"]
[Result "1/2-1/2"]
[WhiteElo "2576"]
[BlackElo "2366"]
[PlyCount "74"]
[EventDate "2018.09.30"]
[EventType "team-tourn"]
[EventRounds "11"]
[EventCountry "BEL"]
[SourceTitle "CBM 187 Extra"]
[Source "ChessBase"]
[SourceDate "2018.11.04"]
[SourceVersion "1"]
[SourceVersionDate "2018.11.04"]
[SourceQuality "1"]
[WhiteTeam "Wirtzfeld"]
[BlackTeam "Liege Crelel"]
[WhiteTeamCountry "BEL"]
[BlackTeamCountry "BEL"]

1. c4 Nf6 2. Nc3 c5 3. g3 e6 4. Nf3 b6 5. Bg2 Bb7 6. 0-0 Be7 7. Re1 d5 8. cxd5 Nxd5 9. e4 Nxc3 10. bxc3 0-0 11. d4 cxd4 12. cxd4 Nc6 13. Bf4 Bf6 14. Be3 Na5 15. Qd3 Rc8 16. Rad1 Qc7 17. Rc1 Qd7 18. d5 exd5 19. e5 Be7 20. Nd4 Rxc1 21. Bxc1 Bc5 22. Nf5 Bc8 23. Nd6 Nc6 24. Qxd5 Nxe5 25. Nxc8 Qxd5 26. Ne7+ Bxe7 27. Bxd5 Bf6 28. Rd1 Rd8 29. Kf1 Kf8 30. Ke2 Be7 31. Bb3 Rxd1 32. Bxd1 Bc5 33. Bb3 Ke7 34. Bb2 f6 35. Bxe5 fxe5 36. Bc2 h6 37. h4 Kd6 1/2-1/2

[Event "Charleroi op"]
[Site "Charleroi"]
[Date "2018.08.04"]
[Round "9"]
[White "Godart, Francois"]
[Black "Gurevich, Mikhail"]
[Result "0-1"]
[WhiteElo "2427"]
[BlackElo "2569"]
[PlyCount "112"]
[EventDate "2018.07.28"]
[EventType "swiss"]
[EventRounds "9"]
[EventCountry "BEL"]
[SourceTitle "CBM 185 Extra"]
[Source "ChessBase"]
[SourceDate "2018.07.29"]
[SourceVersion "1"]
[SourceVersionDate "2018.07.29"]
[SourceQuality "1"]

1. e4 d6 2. d4 Nf6 3. Nc3 g6 4. f4 Bg7 5. Nf3 c5 6. Bb5+ Bd7 7. e5 Ng4 8. Bxd7+ Qxd7 9. d5 dxe5 10. h3 e4 11. hxg4 exf3 12. Qxf3 Na6 13. Bd2 0-0-0 14. 0-0-0 f5 15. gxf5 gxf5 16. Be1 Nc7 17. Bh4 Qd6 18. Rhe1 Rhe8 19. g3 Rd7 20. Qd3 e6 21. dxe6 Qxd3 22. Rxd3 Rxd3 23. cxd3 Rxe6 24. Rxe6 Nxe6 25. Nd5 Kd7 26. Nf6+ Bxf6 27. Bxf6 Kd6 28. Kd2 Kd5 29. Ke3 h5 30. Be5 a6 31. Bf6 b6 32. Be5 b5 33. Bf6 Kd6 34. Kf3 Kd5 35. Ke3 a5 36. Be5 Nd8 37. Bf6 Nc6 38. Bc3 a4 39. Kf3 Ne7 40. Bf6 Nc6 41. Bc3 Ke6 42. Ke3 Kd6 43. Kf2 Ke6 44. Ke3 Ne7 45. Be5 Nd5+ 46. Kd2 Nb4 47. a3 Nc6 48. Bc3 b4 49. Bg7 bxa3 50. bxa3 Kd5 51. Ke3 Na7 52. Bb2 Nb5 53. Kd2 c4 54. dxc4+ Kxc4 55. Kc2 Nd6 56. Bf6 Ne4 0-1

[Event "Charleroi op"]
[Site "Charleroi"]
[Date "2018.08.03"]
[Round "8"]
[White "Gurevich, Mikhail"]
[Black "Mirzoev, Azer"]
[Result "1/2-1/2"]
[WhiteElo "2569"]
[BlackElo "2506"]
[PlyCount "45"]
[EventDate "2018.07.28"]
[EventType "swiss"]
[EventRounds "9"]
[EventCountry "BEL"]
[SourceTitle "CBM 185 Extra"]
[Source "ChessBase"]
[SourceDate "2018.07.29"]
[SourceVersion "1"]
[SourceVersionDate "2018.07.29"]
[SourceQuality "1"]

1. c4 c6 2. Nf3 d5 3. d4 Nf6 4. Qc2 dxc4 5. Qxc4 Bf5 6. g3 e6 7. Bg2 Nbd7 8. 0-0 Be7 9. e3 0-0 10. Qe2 c5 11. Rd1 cxd4 12. Nxd4 Bg4 13. f3 Bh5 14. e4 e5 15. Nb3 Qc7 16. Be3 Rfd8 17. Rc1 Qb8 18. Nc3 a6 19. Rd1 h6 20. Rac1 Nf8 21. Na5 Rxd1+ 22. Qxd1 Bd8 23. Nc4 1/2-1/2